ইসলামের দৃষ্টিতে সুদ ও বিকল্প প্রস্তাব / (Record no. 13497)
[ view plain ]
| 000 -LEADER | |
|---|---|
| fixed length control field | 01380nam a2200265 a 4500 |
| 001 - CONTROL NUMBER | |
| JCCL Control Number | 13497 |
| 003 - CONTROL NUMBER IDENTIFIER | |
| JCCL marc code | BD-JhCC |
| 005 - DATE AND TIME OF LATEST TRANSACTION | |
| control field | 20231017104817.0 |
| 008 - FIXED-LENGTH DATA ELEMENTS--GENERAL INFORMATION | |
| fixed length control field | 231017b20152017bg |||| ||a| 000 0 ben d |
| 035 ## - SYSTEM CONTROL NUMBER | |
| system control number | (BD-JhCC)13497 |
| 040 ## - CATALOGING SOURCE | |
| Original cataloging agency | BD-JhCC |
| Modifying agency | BD-JhCC |
| 041 ## - LANGUAGE CODE | |
| Language code of Book | bengali |
| 082 ## - DEWEY DECIMAL CLASSIFICATION NUMBER | |
| Classification number | 340.59 |
| Author mark and Year | USM 2017 |
| 100 ## - MAIN ENTRY--PERSONAL NAME | |
| Personal name | হাফিযাহুল্লাহ, মুহাম্মদ তকী উসমানী |
| 245 ## - TITLE STATEMENT | |
| Title | ইসলামের দৃষ্টিতে সুদ ও বিকল্প প্রস্তাব / |
| Statement of responsibility, etc | মুহাম্মদ তকী উসমানী হাফিযাহুল্লাহ, শায়খুল ইসলাম জাস্টিস মুফতী, অনু:আবদুল্লাহ আল ফারুক, মুফতী ইমদাদুল ইসলাম। |
| 260 ## - PUBLICATION, DISTRIBUTION, ETC. (IMPRINT) | |
| Place of publication, distribution, etc | ঢাকা: |
| Name of publisher, distributor, etc | মাকতাবাতুল আযহার; |
| Date of publication, distribution, etc | 2017. |
| 300 ## - PHYSICAL DESCRIPTION | |
| Pagination | 352 p. : |
| Dimensions | 22 cm. |
| 490 ## - SERIES STATEMENT | |
| Series statement | ইসলামী ও আধুুনিক অর্থব্যবস্থা সিরিজ- ৬ |
| 650 ## - SUBJECT ADDED ENTRY--TOPICAL TERM | |
| Topical term or geographic name as entry element | Islamic Law. |
| 700 ## - ADDED ENTRY--PERSONAL NAME | |
| Personal name | মুফতী, শায়খুল ইসলাম জাস্টিস |
| 700 ## - ADDED ENTRY--PERSONAL NAME | |
| Personal name | ফারুক, অনু:আবদুল্লাহ আল |
| 700 ## - ADDED ENTRY--PERSONAL NAME | |
| Personal name | ইসলাম,মুফতী ইমদাদুল |
| 942 ## - ADDED ENTRY ELEMENTS (KOHA) | |
| Source of classification or shelving scheme | Dewey Decimal Classification |
| Koha item type | Books |
| Source of classification or shelving scheme | Damaged status | Not for loan | Home library | Current library | Shelving location | Date of accession | Cost, normal purchase price | Total Checkouts | Full call number | Barcode | Date last seen | Copy number | Method of acquisition | Koha item type | Currency |
|---|---|---|---|---|---|---|---|---|---|---|---|---|---|---|---|
| Dewey Decimal Classification | JCC Rouf Library | JCC Rouf Library | General Stacks | 10/17/2023 | 300.00 | 340.59 USM 2017 | 18565 | 10/17/2023 | C-1 | Purchase | Books | BDT |